000 01860cam a2200541 4500
999 _c23219
_d23219
001 vtls011710871
005 20220427112349.0
008 200205s2017 xo hoabgr 000 0dslo
020 _a9788080468286
_q(viazané)
035 _aurn:nbn:sk:snk-am00d71u
035 _aurn:nbn:sk:snk-am3hrul
035 _a40189DBD-B835-470F-B7EB-82792E2DA7FA
040 _aPPPK
_bslo
_cPPPK
_dSNK
_erda
041 0 _aslo
044 _axo
_cSK
072 7 _a91
_xGeografia ako veda. Výskum. Cestovanie
_2konspekt
072 7 _a94(3)
_xDejiny krajín starovekého sveta
_2konspekt
080 _a316.722(3)
_22011
080 _a910.3/.4
_22011
080 _a94(3)
_22011
080 _a(38)
_22011
080 _a(37)
_22011
080 _a(048.8)
_22011
100 1 _aHabaj, Michal,
_d1983-
_4aut
_92958
245 1 0 _aObjavné cesty staroveku
_cMichal Habaj
250 _aPrvé vydanie
264 1 _aBratislava
_bPerfekt
_c2017
300 _a188 strán
_bfaksimile, fotografie, ilustrácie, mapy
_c25 cm
336 _atext
_btxt
_2rdacontent
336 _astatický obraz
_bsti
_2rdacontent
337 _abez média
_bn
_2rdamedia
338 _azväzok
_bnc
_2rdacarrier
500 _aObsahuje biografické údaje o autorovi
650 0 7 _astaroveké civilizácie
_2SNKPH
_92830
650 0 7 _aobjavné cesty
_2SNKPH
_92959
650 0 7 _adejiny staroveku
_2SNKPH
_92960
650 0 7 _aAncient civilizations
_2SNKPHeng
_92961
650 0 7 _aExploring voyages
_2SNKPHeng
_92962
650 0 7 _aAncient history
_2SNKPHeng
_92963
651 7 _astaroveké Grécko
_2SNKPHgeo
_92964
651 7 _aRímska ríša
_2SNKPHgeo
_92965
651 7 _aancient Greece
_2SNKPHeng
_92966
651 7 _aRoman Empire
_2SNKPHeng
_92967
655 7 _amonografie
_2SNKPH
_91661
655 7 _aMonographs
_2SNKPHeng
_91662
958 _aNB